00776 2200325 4500001002100000005001500021035002000036007000300056008004100059020002200100082001400122084002000136100001600156245006000172250001000232260003200242300002300274650002000297700001700317990001300334990001300347990001100360990001300371990001100384990001100395990001100406990001100417990001100428990001100439INLIS00000000000208820180717103656 a0010-0718000040ta180717 g 1 ind  a978-602-1695-36-4 a899.221 3 a899.221 3 YAH i0 aYAHYA, Umar1 aIstana Para Kuli /cYahya Umar; penyunting, Shabira Ika acet.1 aJakarta :bSalsabila,c2016 a229 hlm. ;c21 cm. aFIKSI INDONESIA0 aSHABIRA, Ika a*16534a* a*16534b* a16534b a*16534a* a16534a a16534b a16534a a16534b a16534b a16534a